| 000 | 00892cab a2200277 4500 | ||
|---|---|---|---|
| 001 | ABS56936 | ||
| 008 | 090401t1997 xxu||||| |||| 00| 0 eng d | ||
| 035 | _a(Sirsi) u98430 | ||
| 041 | _aeng | ||
| 100 | _aChappell, D. | ||
| 245 | _aLegal round-up | ||
| 260 | _c1997 | ||
| 350 | _a0 | ||
| 490 |
_aArchitects` Journal _v205(19) 15 May 1997, 48(1) |
||
| 520 | _aExamines "AMEC Building Ltd v Cadmus Investments Co Ltd" and "Inserco Ltd v Honeywell Control Systems Ltd", two claims concerning contractors which have points of general relevance and "Cliffe Holdings v Parkman Buck Ltd and Wildrington", which has implications for architects. | ||
| 650 | _aAMEC | ||
| 650 | _aARCHITECTS | ||
| 650 | _aCLAIMS | ||
| 650 | _aCONTRACTOR | ||
| 650 | _aDELAYS | ||
| 650 | _aDISPUTE | ||
| 650 | _aSUBCONTRACTORS | ||
| 690 | _aBUILT ENVIRONMENT | ||
| 942 | _n0 | ||
| 948 | _c03/06/1997 | ||
| 999 |
_c59824 _d59824 |
||